UBT Library

Word recognition in beginning literacy / (Record no. 45006)

000 -LEADER
fixed length control field 00791pam a2200241 a 4500
001 - CONTROL NUMBER
control field 710557
005 - DATE AND TIME OF LATEST TRANSACTION
control field 20180314081444.0
008 - FIXED-LENGTH DATA ELEMENTS--GENERAL INFORMATION
fixed length control field 970905s1998 njua b 001 0 eng
010 ## - LIBRARY OF CONGRESS CONTROL NUMBER
LC control number 97040338
020 ## - INTERNATIONAL STANDARD BOOK NUMBER
International Standard Book Number 0805828982 (cloth : alk. paper)
020 ## - INTERNATIONAL STANDARD BOOK NUMBER
International Standard Book Number 0805828990 (pbk. : alk. paper)
040 ## - CATALOGING SOURCE
Original cataloging agency DLC
Transcribing agency DLC
Modifying agency DLC
041 ## - LANGUAGE CODE
Language code of text/sound track or separate title eng
080 ## - UNIVERSAL DECIMAL CLASSIFICATION NUMBER
Universal Decimal Classification number 372.462 met
082 00 - DEWEY DECIMAL CLASSIFICATION NUMBER
Classification number 372.462 met
Edition number 21
100 ## - Rafti
Rafti 25
101 ## - Shkurtesa
Shkurtesa edu
245 00 - TITLE STATEMENT
Title Word recognition in beginning literacy /
Statement of responsibility, etc edited by Jamie L. Metsala and Linnea C. Ehri.
504 ## - BIBLIOGRAPHY, ETC. NOTE
Bibliography, etc Includes bibliographical references and indexes.
906 ## - LOCAL DATA ELEMENT F, LDF (RLIN)
a 7
b cbc
c orignew
d 1
e ocip
f 19
g y-gencatlg
942 ## - ADDED ENTRY ELEMENTS (KOHA)
Source of classification or shelving scheme
Item type Books
Holdings
Withdrawn status Lost status Source of classification or shelving scheme Damaged status Not for loan Permanent location Current location Shelving location Date acquired Total Checkouts Full call number Barcode Date last seen Price effective from Koha item type
          UBT - Lipjan UBT - Lipjan Koleksioni i përgjithshem 03/14/2018   372.462 met 002-3001721 03/14/2018 03/14/2018 Books
UBT Library © 2015-2024. All rights reserved University Education for Business and Technology